Testing of carbon blacks. Determination of the dibutylphthalate absorption of carbon blacks. (Record no. 73372)

MARC details
000 -LEADER
fixed length control field 00406nam a2200133Ia 4500
245 #0 - TITLE STATEMENT
Title Testing of carbon blacks. Determination of the dibutylphthalate absorption of carbon blacks.
260 ## - PUBLICATION, DISTRIBUTION, ETC. (IMPRINT)
Year of publication 1978
500 ## - GENERAL NOTE
General note Standard number: DIN 53 601
650 ## - SUBJECT ADDED ENTRY--TOPICAL TERM
Topical Term Carbon black
650 ## - SUBJECT ADDED ENTRY--TOPICAL TERM
Topical Term DBP absorption
650 ## - SUBJECT ADDED ENTRY--TOPICAL TERM
Topical Term Dibutylphthalate absorption
942 ## - ADDED ENTRY ELEMENTS (KOHA)
Koha item type Standards
Holdings
Withdrawn status Lost status Damaged status Not for loan Collection code Home library Current library Date acquired Koha item type
      Standards DIN standards/German Standards RRII Library RRII Library 31/12/2021 Standards